01118 a2200205 4500003000500000005001700005010001600022020001500038040000900053082001800062100002700080245007400107260005200181300002700233505046200260650003800722942001200760999001900772952012100791Nust20221117154258.0 a 72093982 a0870061615 cNust00a621.31924,MIX1 aMix, Floyd M.,910294710aHouse wiring simplified;btells and shows you howc[by] Floyd M. Mix. aSouth Holland, Ill.,bGoodheart-Willcoxc[1973] a176 p.billus.c23 cm. aElectrical Terms (Page-7), Conductors (Page-11), Conduits, Raceways (Page-19), Boxes, Covers (Page-25), Switches (Page-29), Outlet Receptacles (Page-35), Electricians Tools And Equipment (Page-39), Working Safely (Page-47), Service Requirements (Page-51), Basic Wiring Systems (Page-59), Basic Wiring Procedures (Page-69), House Wiring Circuits (Page-87), Modernizing Electrical Sys (Page-107), Useful Information (Page-127), Dictionary Of Terms (Page-165). 0aElectric wiring, Interior.941218 2ddccBK c180997d180997 00102ddc4070aMCSbMCSd2016-12-12o621.31924,MIXpMCS5875r2016-12-08w2016-12-12yBKzAlmirah No.30, Shelf No.2